书目信息 |
| 题名: |
基本有机原料
|
|
| 作者: | ;北京化工研究院 编 | |
| 分册: | ||
| 出版信息: | 北京 燃料化工工业出版社 1972 |
|
| 页数: | 376页 | |
| 开本: | 20cm | |
| 丛书名: | 化学工业知识丛书 | |
| 单 册: | ||
| 中图分类: | TQ2 | |
| 科图分类: | ||
| 主题词: | 有机化工 | |
| 电子资源: | ||
| ISBN: | ||
| 000 | 00667nam0 2200229 450 | |
| 001 | 0640441298 | |
| 005 | 20060802154022.46 | |
| 010 | @dCNY1.00 | |
| 091 | @a15063.1251 | |
| 100 | @a20060509d1972 km y0chiy0120 ea | |
| 101 | 0 | @achi |
| 102 | @aCN@b110000 | |
| 200 | 1 | @a基本有机原料@Aji ben you ji yuan liao@f北京化工研究院编@Fbei jing hua gong yan jiu yuan bian |
| 210 | @a北京@c燃料化工工业出版社@d1972 | |
| 215 | @a376页@d20cm | |
| 225 | 2 | @a化学工业知识丛书 |
| 410 | 0 | @12001 @a化学工业知识丛书 |
| 606 | 0 | @a有机化工 |
| 690 | @aTQ2@v3 | |
| 711 | 0 | @a北京化工研究院@Abei jing hua gong yan jiu yuan@4编 |
| 801 | 0 | @aCN@bPFT@c20060802 |
| 905 | @a10447@dTQ2@e15 | |
| 基本有机原料/北京化工研究院编.-北京:燃料化工工业出版社,1972 |
| 376页;20cm.-(化学工业知识丛书) |
| ISBN :CNY1.00 |
| ● |
| 相关链接 |
|
|
|
|
正题名:基本有机原料
索取号:TQ2/15
 
预约/预借
| 序号 | 登录号 | 条形码 | 馆藏地/架位号 | 状态 | 备注 |
| 1 | 0011892 | 202315958 | 密集书库/ [索取号:TQ2/15] | 在馆 | |
| 2 | 0011894 | 202315912 | 密集书库/ [索取号:TQ2/15] | 在馆 | |
| 3 | 0011895 | 202316715 | 密集书库/ [索取号:TQ2/15] | 在馆 | |
| 4 | 0434310 | 204343102 | 密集书库/ [索取号:TQ2/15] | 在馆 |